Výhody a obmedzenia gamifikovaného vzdelávania a rozvoja zamestnancov

Na minha lista:
Detalhes bibliográficos
Autor principal: Abuladze, Lasha, 1991-
Formato: Capítulo de Livro
Idioma:eslovaco
inglês
Assuntos:
Tags: Adicionar Tag
Sem tags, seja o primeiro a adicionar uma tag!

MARC

LEADER 00000naa$a2200000$$$4500
001 0290138
005 20240502074443.7
041 0 |a slo 
041 0 |a eng 
044 |a SK 
245 1 0 |a Výhody a obmedzenia gamifikovaného vzdelávania a rozvoja zamestnancov  |c Lasha Abuladze 
500 |a Abstrakt 
610 2 0 |a vzdelávanie 
610 2 0 |a zamestnanci 
610 2 0 |a digitalizácia 
610 2 0 |a zdroje ľudské 
100 1 |a Abuladze, Lasha, 1991-